| 000 | 00950nam a22002777a 4500 | ||
|---|---|---|---|
| 001 | 8829 | ||
| 003 | FISKH | ||
| 005 | 20260402091755.0 | ||
| 008 | 251022b cb ||||| |||| 00| 0 eng d | ||
| 020 | _a9780439926652 | ||
| 040 |
_aFISKH _beng _cFISKH _dFISKH |
||
| 050 | _aPZ7.M1487 S | ||
| 082 | _a813.6 | ||
| 100 |
_aMcDonald, Megan _eAuthor |
||
| 245 |
_aStink and the incredible super-galactic jawbreaker / _cMegan McDonald ; Illustrated by Peter H. Reynolds |
||
| 260 |
_aNew York : _bScholastic , _c2005 |
||
| 300 |
_a118 pages : _billustrations , _c19 cm |
||
| 505 | _aN | ||
| 520 | _aSeven-year-old Stink Moody discovers that he can get free samples by writing letters to candy companies and plans a surprise for his best friend's birthday. | ||
| 521 | 8 |
_a580
_bLexile |
|
| 521 | 8 |
_aN
_bRaz-Plus |
|
| 650 |
_aJuvenile fiction _vFriendship |
||
| 700 |
_aReynolds, Peter H. _eAuthor |
||
| 942 |
_2ddc _cBK _n0 |
||
| 999 |
_c8829 _d8829 |
||